MARC
|
|
|
|
| LEADER |
00000nam0a2200000 4500 |
| 001 |
305566 |
| 005 |
20231102001819.0 |
| 020 |
|
|
|a RU
|b 83-40495
|
| 035 |
|
|
|a (RuTPU)RU\TPU\book\330838
|
| 090 |
|
|
|a 305566
|
| 100 |
|
|
|a 20150928d1983 km y0rusy5003 ca
|
| 101 |
0 |
|
|a rus
|
| 102 |
|
|
|a RU
|
| 105 |
|
|
|a y z 000zy
|
| 200 |
1 |
|
|a Научные основы партийного руководства идеологической работой
|f А. И. Афанасьева [и др.]
|
| 210 |
|
|
|a Москва
|c Мысль
|d 1983
|
| 215 |
|
|
|a 285 с.
|
| 300 |
|
|
|a Авт. указаны на 5-й с.
|
| 606 |
1 |
|
|a Идеологическая работа КПСС
|2 stltpush
|3 (RuTPU)RU\TPU\subj\12184
|9 39016
|
| 610 |
1 |
|
|a партийное руководство
|
| 610 |
1 |
|
|a марксистско-ленинская идеология
|
| 610 |
1 |
|
|a руководящие кадры
|
| 610 |
1 |
|
|a планирование
|
| 610 |
1 |
|
|a координация
|
| 610 |
1 |
|
|a эффективность
|
| 610 |
1 |
|
|a пропаганда
|
| 610 |
1 |
|
|a агитация
|
| 610 |
1 |
|
|a идейно-воспитательная работа
|
| 686 |
|
|
|a Ф61(2)5
|2 rubbk
|
| 701 |
|
1 |
|a Афанасьева
|b А. И.
|
| 701 |
|
1 |
|a Решетов
|b П. Н.
|
| 701 |
|
1 |
|a Кравчук
|b Л. М.
|
| 701 |
|
1 |
|a Грущенко
|b И. П.
|
| 801 |
|
0 |
|a RU
|b RuMRKP
|c 19950704
|g psbo
|
| 801 |
|
1 |
|a RU
|b 63413507
|c 20150928
|
| 801 |
|
2 |
|a RU
|b 63413507
|c 20180622
|g RCR
|
| 942 |
|
|
|c BK
|